| 000 | 00424nam a2200193Ia 4500 | ||
|---|---|---|---|
| 008 | 210210b1957 xxu||||| |||| 00| 0 eng d | ||
| 041 | _aeng | ||
| 082 | _a954/412 | ||
| 100 | _aSETHI | ||
| 245 | _aMughal rule in India | ||
| 260 |
_aDelhi _bS. Chand & Co. Ltd. _c1957 |
||
| 650 | _arule | ||
| 650 | _aMughal | ||
| 650 | _aIndia | ||
| 650 | _ain | ||
| 690 | _aIndian History | ||
| 700 | _aMAHAJAN | ||
| 906 | _a026169 | ||
| 999 |
_c152126 _d152126 |
||